• 首页
  • 本馆介绍
  • 公告通知
  • 最新文献
  • 馆藏检索
  • 电子资源
  • 读者导购
  • 参考咨询
  • 我的图书馆
  • 登录
  • 详细信息显示
  • 放入我的书架
  • 预约/预借图书
  • 作者相关作品
  • 分类相关作品
  • 丛书相关作品
  • 出版社相关作品

书目信息

  • 表格格式
  • 工作单格式
  • 卡片格式
题名:
拟线性椭圆型方程的变分方法
    
 
作者: 沈尧天 , 严树森 著
分册:  
出版信息: 广州   华南理工大学出版社  1999
页数: 357页
开本: 21cm
丛书名: 华南理工大学科学丛书
单 册:
中图分类: O176
科图分类:
主题词: 数学分析
电子资源:
ISBN: 7-5623-0695-8
000 00824oam2 2200265 45
001 070000001020
005 20050919112640.07
010    @a7-5623-0695-8@dCNY24.00
100    @a20040322d1999 ekmy0chiy0120 ea
101 0  @achi
102    @aCN@b440000
105    @aa z 000yy
200 1  @a拟线性椭圆型方程的变分方法@9ni xian xing tuo yuan xing fang cheng de bian fen fang fa@f沈尧天,严树森著@Fshen yao tian,yan shu sen zhu
205    @a2版
210    @a广州@c华南理工大学出版社@d1999
215    @a357页@c照片@d21cm
225 2  @a华南理工大学科学丛书
300    @a国家自然科学基金资助项目
461  0 @12001 @a华南理工大学科学丛书
606 0  @a数学分析
690    @aO176@v4
701  0 @a沈尧天@Ashen yao tian@4著
701  0 @a严树森@Ayan shu sen@4著
801  0 @aCN@bTSSF@c20050919
905    @a10447@dO176@e48=2
    
    拟线性椭圆型方程的变分方法/沈尧天,严树森著.-2版.-广州:华南理工大学出版社,1999
    357页:照片;21cm.-(华南理工大学科学丛书)
    国家自然科学基金资助项目
    
    ISBN 7-5623-0695-8:CNY24.00
    
●
相关链接 在E读中查询图书 在五车中查询图书 在当当中查询图书 在豆瓣中查询图书


正题名:拟线性椭圆型方程的变分方法     索取号:O176/48=2         预约/预借

序号 登录号 条形码 馆藏地/架位号 状态 备注
1 0361814   3618142   第二样本阅览室/ [索取号:O176/48=2] 在馆    
2 0361815   3618151   第三借阅区/ [索取号:O176/48=2] 在馆    
3 0361816   3618160   第三借阅区/ [索取号:O176/48=2] 在馆    
唐山师范学院图书馆 欢迎您!
大连网信软件有限公司© 版权所有